000 00783nam a2200241Ia 4500
003 OSt
005 20220923224839.0
006 a|||||r|||| 00| 0
007 ta
008 220922b |||||||| |||| 00| 0 hin d
024 _a252,221
037 _cTextual
040 _aARTS
_cARTS
_bhin
041 _2hin
_ahin
082 _aO152,2:g, H1
100 _aजैन, शिखरचन्द
245 0 _aहिन्दी नाट्य - चिंतन
246 _aHindī nāṭya - chiantana
260 _aआगरा
_b सांिहत्य रत्न - भण्डार
_c1941
650 _aहिन्दी साहित्य
_9156264
942 _hO152,2:g, H1
_cTEXL
_2CC
999 _c374097
_d374097